Statistics for Eragon

Click here to take the quiz!

General Stats

  • This quiz has been taken 90 times
  • The average score is 4 of 15

Answer Stats

HintAnswer% Correct
how many death words are there in the ancient language12
93%
how many dwarf clans are there13
88%
what is the name of Broms/Ergaons ringaren
45%
what do horst and elain name their childhope
35%
what do the dwarves make their bows fromurgal horns
35%
what body of water flows through palancar valleyAnora river
32%
What weapon does arya use to kill shruikan that is impervious to magicDauthdaert
22%
what small creature does eragon find the ants shepherding in book 3aphids
15%
what geographical strategic advantage did roran use to get into arghouscanals
15%
what is the dwarvish swear repeated in the bookBrazul
9%
what predatory creature, similar to dragons, lives in the deep waterNidhwal
7%
what committee does Nasuada have to compete with after her crowningThe council of Cloven Elders
7%
what is the largest island in off hte coast of surdasharktooth
6%
who was the largest dragon living at the time of the riders fallBalgebad
5%
what was the name of the thief who stole saphiras egg from the empirehefring
5%

Score Distribution

Percentile by Number Answered

Percent of People with Each Score

Your Score History

You have not taken this quiz